Calciatori con almeno 20 gol in UEFA Champions League - Statistics

Statistiche generali
  • Questo quiz è stato fatto 301 volte
  • Il punteggio medio è 50 su 85
Statistiche sulle risposte
Gol Nazione Stagioni in gol Gol per squadra Calciatore % Corretto
141 Portogallo 2005-2022 Manchester United 22, Real Madrid 105, Juventus 14 Cristiano Ronaldo
100%
129 Argentina 2005 Barcellona 129 Lionel Messi
100%
97 Polonia 2011- Borussia Dortmund 17, Bayern Monaco 69, Barcellona 5 Robert Lewandowski
96%
86 Francia 2005- Olympique Lione 12, Real Madrid 74 Karim Benzema
95%
40 Francia 2016- Monaco 6, Paris Saint-Germain 34 Kylian Mbappé
93%
43 Brasile 2013-2021, 2022- Barcellona 21, Paris Saint-Germain 22 Neymar
93%
44 Italia 1995-1998, 2001-2006, 2008-2009 Juventus 44 Alessandro Del Piero
92%
49 Svezia 2002-2004, 2005-2006, 2007-2016 Ajax 7, Juventus 3, Inter 6, Barcellona 4, Milan 9, Paris Saint-Germain 20, Zlatan Ibrahimović
92%
33 Norvegia 2019- Red Bull Salisburgo 8, Borussia Dortmund 15, Manchester City 10 Erling Haaland
91%
47 Egitto 2013-2014, 2015-2016, 2017- Basilea 5, Roma 1, Liverpool 41 Mohamed Salah
91%
44 Costa d'Avorio 2003-2012, 2014-2015 Olympique Marsiglia 5, Chelsea 36, Galatasaray 3 Didier Drogba
90%
35 Uruguay 2010-2011, 2013-2020 Napoli 5, Paris Saint-Germain 30 Edinson Cavani
89%
59 Ucraina 1994-1996, 1997-2001, 2002-2008, 2009-2011 Dinamo Kiev 21, Milan 34, Chelsea 4 Andrij Ševčenko
88%
50 Italia 1997-1999, 2000-2001, 2002-2008, 2009-2011 Juventus 17, Milan 33 Filippo Inzaghi
88%
47 Argentina 2008-2010, 2011-2021 Atlético Madrid 8, Manchester City 39 Sergio Agüero
88%
51 Francia 1997-1998, 1999-2009 Monaco 7, Arsenal 35, Barcellona 9 Thierry Henry
88%
71 Spagba 1995–1996, 1997-2011 Real Madrid 66, Schalke 04 5 Raúl González Blanco
87%
31 Uruguay 2007-2008, 2010-2011, 2014-2020, 2021-2022 Ajax 5, Barcellona 25, Atletico Madrid 1 Luis Suárez
86%
33 Camerun 2001-2002, 2004-2011, 2013-2014 Maiorca 2, Barcellona 18, Inter 10, Chelsea 3 Samuel Eto' o
84%
49 Argentina / Spagna 1955-1960, 1961-1964 Madrid Alfredo Di Stefano
80%
31 Francia 2013- Real Sociedad 1, Atletico Madrid 26, Barcellona 4 Antoine Griezmann
80%
28 Bosnia 2009-2010, 2013-2014, 2015-2016, 2017-2019, 2021- Wolfsburg 4, Manchester City 3, Roma 15, Inter 6 Edin Džeko
80%
36 Ungheria 1956-1966 Honvéd 1, Real Madrid 35 Ferenc Puskás
80%
27 Senegal 2017- Liverpool 24, Bayern Monaco 3 Sadio Mané
80%
34 Inghilterra 2004-2014, 2015-2016 Manchester United 34 Wayne Rooney
80%
32 Francia 1997-1998, 2000-2006, 2009-2010 Monaco 4, Juventus 28 David Trezeguet
79%
47 Portogallo 1961-1966, 1967-1974 Benfica 47 Eusebio
79%
32 Paesi Bassi 2002-2005, 2006-2007, 2008-2010, 2011-2016, 2018-2019 PSV 3, Chelsea 2, Real Madrid 1, Bayern Monaco 26 Arjen Robben
77%
20 Galles 2010-2011, 2013-2015, 2016-2019 Tottenham 4, Real Madrid 16 Gareth Bale
77%
25 Argentina 2009-2015, 2016-2018, 2019-2020 Real Madrid 8, Napoli 5, Juventus 12 Gonzalo Higuain
77%
21 Inghilterra 2016- Tottenham 21 Harry Kane
77%
30 Brasile 2003-2008, 2009-2010, 2011-2014 Milan 25, Real Madrid 5 Kakà
76%
28 Croazia 2007-2011, 2012-2019 Dinamo Zagabria 7, Bayern Monaco 6, Atletico Madrid 5, Juventus 10 Mario Mandžukić
74%
21 Belgio 2010-2011, 2017- Anderlecht 3, Manchester United 7, Inter 9, Chelsea 2 Romelu Lukaku
72%
30 Galles 1994-1995, 1996-2007, 2008-2012 Manchester United 30 Ryan Giggs
72%
21 Corea del Sud 2014-2015, 2016-2020, 2022- Bayer Leverkusen 5, Tottenham 16 Son Heung-min
72%
28 Argentina 1997-1998, 2000-2008 Parma 2, Lazio 5, Inter 11, Chelsea 4, Milan 6 Hernán Crespo
71%
24 Portogallo 1997-2006 Barcellona 7, Real Madrid 16, Inter 1 Luís Figo
70%
28 Paesi Bassi 2004-2014, 2016-2017 Arsenal 20, Manchester United 7, Fenerbahçe 1 Robin van Persie
70%
23 Spagna 2013- Real Madrid 4, Juventus 15, Chelsea 1, Atletico Madrid 3 Álvaro Morata
69%
22 Germania 2012-2015, 2016-2017, 2018-2019, 2020- Borussia Dortmund 22 Marco Reus
68%
20 Algeria 2016-2017, 2018- Leicester City 4, Manchester City 16 Riyad Mahrez
68%
23 Brasile 2017- Liverpool 23 Roberto Firmino
68%
53 Germania 2008- Bayern Monaco 53 Thomas Müller
68%
60 Paesi Bassi 1998–2000, 2001-2009 PSV 9, Manchester United 38, Real Madrid 13 Ruud van Nistelrooy
67%
30 Inghilterra 2004-2009, 2014-2015 Liverpool 30 Steven Gerrard
67%
23 Francia 2012-2018, 2020-2021, 2022- Arsenal 13, Chelsea 6, Milan 4 Olivier Giroud
65%
22 Argentina 2010-2012, 2013-2014, 2015-2021 Real Madrid 8, Paris Saint-Germain 14 Ángel Di María
63%
27 Inghilterra 2015- Manchester City 24, Chelsea 3 Raheem Sterling
63%
31 Brasile 1998-2003, 2004-2006, 2007-2008 Barcellona 25, Milan 2, Olympiakos 3, AEK Atene 1 Rivaldo
63%
34 Germania Ovest 1972-1977 Bayern Monaco 34 Gerd Müller
61%
23 Inghilterra 2003-2010, 2011-2012, 2013-2014 Chelsea 23 Frank Lampard
59%
20 Germania 2014-2015, 2016-2017, 2018- Schalke 04 1, Manchester CIty 6, Bayern Monaco 13 Leroy Sané
52%
20 Brasile 2017-2022 Manchester City 20 Gabriel Jesus
51%
27 Germania 2007-2008, 2009-2013 Stoccarda 3, Bayern Monaco 24 Mario Gómez
49%
24 Spagna 2004-2008, 2009-2016, 2017-2018 Arsenal 17, Barcellona 3, Chelsea 4 Cesc Fabregas
47%
20 Brasile 2009-2010, 2011-2016 Porto 7, Zenit San Pietroburgo 13 Hulk
47%
28 Francia 1989-1995 Olympique Marsiglia 19, Milan 7, Bayern Monaco 2 Jean-Pierre Papin
45%
21 Paesi Bassi 2005-2007, 2010-2011, 2012-2015, 2018-2020 Ajax 8 , Schalke 04 13 Klaas-Jan Huntelaar
45%
20 Spagna 2007-2009, 2011-2014, 2015-2017 Liverpool 8, Chelsea 10, Atletico Madrid 2 Fernando Torres
44%
24 Brasile / Italia 1959-1960, 1962-1964, 1972-1974 Milan 20, Juventus 4 José Altafini
41%
24 Perù 2001-2003, 2004-2007, 2008-2009, 2010-2011, 2012-2013 Bayern Monaco 19, Werder Brema 5 Claudio Pizarro
39%
30 Paesi Bassi 1994-1997, 1999-2002 Ajax 9, Barcellona 21 Patrick Kluivert
39%
39 Spagna 1997-1998, 1999-2002, 2003-2008 Real Madrid 19, Monaco 9, Liverpool 3 , Valencia 8 Fernando Morientes
38%
20 Norvegia 1996-2000, 2001-2004, 2006-2007 Manchester United 20 Ole Gunnar Solskjær
38%
20 Brasile 1988-1990, 1992-1995 PSV 15, Barcellona 5 Romário
38%
25 Inghilterra 1997-2004, 2005-2008, 2009-2010 Manchester United 25 Paul Scholes
36%
23 Finlandia 1994-1997, 1998-1999, 2001-2003 Ajax 20, Liverpool 3 Jari Litmanen
34%
22 Brasile 2008-2009, 2010-2015, 2017-2018 Shakhtar Donetsk 21, Spartak Mosca 1 Luiz Adriano
32%
20 Francia 1998-2001, 2008-2011 Arsenal 1, Real Madrid 2, Paris Saint-Germain 5, Chelsea 12 Nicolas Anelka
29%
30 Spagna 1955-1966, 1967-1968, 1969-1970 Real Madrid 30 Francisco Gento
26%
25 Itlia 1989-1990, 1992-1998, 2000-2001 Milan 15, Paris Saint-Germain 4, Monaco 6 Marco Simone
23%
28 Paesi Bassi 2000-2007 Deportivo La Coruña 11, Bayern Monaco 17 Roy Makaay
23%
22 Turchia 1994-1995, 1998-2000, 2003-2004, 2006-2007 Galatasaray 22 Hakan Şükür
19%
23 Argentina 2005-2013 Porto 13, Olympique Lione 10 Lisandro López
11%
31 Ucraina 1993-1995, 1997-2000, 2006-2008 Dinamo Kiev 31 Serhij Rebrov
10%
26 Brasile 1997-2004 Bayern Monaco 23, Olympique Lione Giovane Élber
9%
20 Spagna 1997-2003 Barcellona 20 Luis Enrique
7%
28 Brasile 1996-2001 Porto 19, Galatasaray 9 Mário Jardel
6%
22 Spagna 1972-1973, 1975-1977, 1978-1981, 1986-1987 Real Madrid 22 Santillana
5%
21 Spagna 1963-1966, 1967-1969, 1972-1973 Real Madrid 21 Amancio
3%
22 Norvegia 1995-1999, 2001-2004, Rosenborg 21, Celtic 1 Harald Brattbakk
2%
21 Portogallo 1960-1966, 1967-70 (stagioni non in gol ma di partcipazione) Benfica 21 José Torres
2%
23 Uzbekistan 1999-2001, 2002-2008 Dinamo Kiev 23 Maksim Shatskix
2%
20 Belgio 1959-1960, 1962-1963, 1964-1969, 1972-1973, 1974-1976 (stagioni non in gol ma di partcipazione) Anderlecht 20 Paul Van Himst
2%
Nessun quiz corrispondente trovato
Distribuzione punteggi
Percentuale di utenti per punteggio
Percentile per numero di risposta
I tuoi punteggi nel tempo
Non hai fatto questo quiz